=LDR 00000nam 2200000 4500 =001 INLIS000000000031831 =005 20130612133858 =008 ***********************************ind** =035 ##$$0010-061300000031831 =041 ##$$a ind =082 ##$$a 503 =090 ##$$a R.503, Ens e =245 ##$$a ENSIKLOPEDIA Penemuan Terdahsyat, Sain dan Teknologi, Editor, M. Hariwijaya dkk =260 ##$$a 2008 $b Yogyakarta =300 ##$$a 219 hlm., Ilus., 25 cm =650 ##$$a SAINS-ENSIKLOPEDI =700 ##$$a HARIWIJAYA, M =850 ##$$a NBPNMAT